000 00602nam a22002177a 4500
003 UA-OsUOA
001 88977
007 ta
008 20121023b un ||||| |||| 00| 0 ukr d
100 _aМоскаль Г.
090 _a32
_bМ82
942 _cSA
040 _aUA-OsUOA
_bukr
_cUA-OsUOA
_dUA-OsUOA
245 _aСистема нормативних актів у сфері регулювання міграційних процесів
300 _aС.25-28
955 _a0
041 _aukr
080 _a32
773 0 _w88974
_tВіче
_dК.
_d2012
_g18
650 7 _a32 Політика
_2UDC
999 _c375247
_d375247